000 00220nam a2200097Ia 4500
008 120527s9999 xx 000 0 und d
100 _aKUMIN,Maxine.
245 _aLooking for luck poems.
260 _bNorton
942 _cBK
999 _c23955
_d23955